02444cam a2200397 a 450000100090000000300090000900500170001800800410003502000180007603500200009404000430011408200240015710000260018124505690020724600190077625000220079526400410081726400100085830000460086833600260091433700280094033800270096850000390099550400510103450504450108565000320153065000420156265300160160465500170162070000320163770000300166994200120169999900170171195201590172895201590188717464682EG-ScBUE20250513090625.0120913t2025 moua f b 001 0 eng d a9780323824200 a(DNLM)101592118 aDNLM/DLCbengerdacDLCdDLCdEG-ScBUE04a616.740754222bAVE1 aAvers, Dale,eauthor.10aDaniels and Worthingham's muscle testing :btechniques of manual muscle and physical performance testing /cDale Avers, PT, DPT, PhD, FAPTA, professor emeritus, Department of Physical Therapy Education, College of Health Professions, SUNY Upstate Medical University, Syracuse, New York, Donovan J. Lott, PT, PhD, CSCS, research professor, Department of Physical Therapy, University of Florida, Gainesville, Florida, Marybeth Brown, PT, PhD, FAPTA, FACSM, professor emeritus, Physical Therapy Program, Biomedical Sciences, University of Missouri, Columbia, Missouri1 aMuscle testing aEleventh edition. 1aLouis, Missouri :bElsevier,c[2025] 4cc2025 axiii, 408 pages :billustrations ;c29 cm 2rdacontentatextbtxt 2rdamediaaunmediatedbn 2rdacarrieravolumebnc aEnhanced digital version included. aIncludes bibliographical references and index.0 aPrinciples of manual muscle testing -- Relevance and limitations of manual muscle testing -- Testing the muscles of the neck -- Testing the muscles of the trunk and pelvic floor -- Testing the muscles of the upper extremity -- Testing the muscles of the lower extremity -- Assessment of muscles innervated by cranial nerves -- Alternatives to manual muscle testing -- Testing functional abilities -- Case studies -- Ready reference anatomy. 7aMusclesxphysiology.2BUEsh 7aPhysical Examinationxmethods.2BUEsh cMay2025bPT vReading book1 aLott, Donovan J., eauthor.1 aBrown, Marybeth,eauthor. 2ddccBB c30976d30947 00102ddc40708BaccahaMAINbMAINc1STd2025-05-13ePurchaseg5277.00h39224l0o616.740754 AVEp000057338r2025-07-15 00:00:00v6596.25w2025-05-13yBB 00102ddc40708BaccahaMAINbMAINc1STd2025-05-13ePurchaseg5277.00h39224l0o616.740754 AVEp000057339r2025-07-15 00:00:00v6595.25w2025-05-13yBB